| 000 | 01259mam a22003254a 4500 | ||
|---|---|---|---|
| 001 | 3004708 | ||
| 003 | ARRUPE | ||
| 005 | 20131228020006.0 | ||
| 008 | 001020s2001 nyu b 001 0 eng | ||
| 010 | _a 00051969 | ||
| 020 | _a0393048438 | ||
| 035 | _a(OCoLC)ocm45263924 | ||
| 040 |
_aDLC _cDLC _dC#P _dNNC _dOrLoB-B |
||
| 042 | _apcc | ||
| 043 | _an-us--- | ||
| 050 | 0 | 0 |
_aBJ352 _b.W65 2001 |
| 082 | 0 | 0 |
_a170/.973 _221 |
| 100 | 1 |
_aWolfe, Alan, _d1942- _9594 |
|
| 245 | 1 | 0 |
_aMoral freedom : _bthe impossible idea that defines the way we live now / _cAlan Wolfe. |
| 246 | 1 | 4 | _aMoral freedom, the search for virtue in a world of choice |
| 250 | _a1st ed. | ||
| 260 |
_aNew York : _bW.W. Norton, _cc2001. |
||
| 300 |
_a256 p. ; _c25 cm. |
||
| 504 | _aIncludes bibliographical references (p. 233-246) and index. | ||
| 505 | 0 | 0 |
_gI. _tVarieties of Moral Experience -- _gII. _tTil Circumstances Do Us Part -- _gIII. _tEat Dessert First -- _gIV. _tHonesty, to a Point -- _gV. _tThe Unappreciated Virtue -- _gVI. _tThe Moral Philosophy of the Americans -- _gVII. _tThe Strange Idea of Moral Freedom. |
| 650 | 0 |
_aEthics _zUnited States _xPublic opinion. _9595 |
|
| 650 | 0 |
_aPublic opinion _zUnited States. _9596 |
|
| 900 | _bTOC | ||
| 942 |
_2lcc _cMONOGRAPH _01 |
||
| 999 |
_c117887 _d117887 |
||